| 000 | 00867nas a2200265 4500 | ||
|---|---|---|---|
| 001 | BR9904338 | ||
| 003 | BR-BrBNA | ||
| 005 | 20231205101549.0 | ||
| 007 | ta | ||
| 008 | 230509b bl.|||p| |||| 00| 00por d | ||
| 040 |
_aBR-BrBNA _bpor _cBiblioteca Nacional de Agricultura |
||
| 041 | _a(Pt) | ||
| 072 | _aL40 | ||
| 100 | 1 | _aSilva, J.P. da | |
| 100 | 1 | _aPaiva Filho, A.M. | |
| 100 | 1 | _aReis, N.S. dos | |
| 245 | 1 | _aCaracterizacao macro e microscopica dos ovarios do bagre amarelo, Cathorops spixii (Agassiz, 1829), durante o ciclo reprodutivo | |
| 650 | _aBagre Amarelo | ||
| 650 | _aReproducao Animal | ||
| 650 | _aAparelho Reprodutor | ||
| 650 | _aHistologia Animal | ||
| 773 | 0 |
_tRevista Brasileira de Oceanografia (Brazil) _xISSN 1413-7739 _g(1998), v. 46(2) p. 171-185 _wBR9904338 |
|
| 909 |
_a202311 _bLúcia _c55 _dLúcia Elande |
||
| 942 |
_2AGRIS _n0 _cANA |
||
| 999 |
_c162558 _d162558 |
||